| 000 | 00549nam a2200169 i 4500 | ||
|---|---|---|---|
| 001 | 49969 | ||
| 003 | ES-MaACL | ||
| 005 | 20230906162108.0 | ||
| 007 | t| | ||
| 008 | 030728s1908 sp ||||1| spa d | ||
| 100 | 1 |
_aCrespo Coto, Ignacio. _941541 |
|
| 245 | 1 | 0 |
_aApuntes históricos de la Real y Militar Orden de San Fernando / _cIgnacio Crespo Coto. |
| 260 |
_aMadrid : _b[s.n.], _c1908 ( _fTalleres del depósito de la Guerra) |
||
| 300 |
_a232 p. : _bil. ; _c24 cm. |
||
| 610 | 2 | 4 |
_aOrden de San Fernando. _9140269 |
| 852 |
_aES-MaACL _jT-1362-F-13 |
||
| 999 |
_c49969 _d49969 |
||